000 00492nam a22001937a 4500
003 MPLRDC
005 20220104145949.0
008 210129b ||||| |||| 00| 0 eng d
020 _a7-5008-1249-3
082 _a490.8 QYJSZ v.6
100 _a德柏拉. 布莱特著, 张希诚译
245 _a飙向高科技
_c
250 _a初版
260 _a
_b中国工人出版社
_c1992
300 _b
490 _a企业家实戢系列丛书
650 _a
942 _cBK
_o490.8 QYJSZ v.6
999 _c51615
_d51605